000 00226nam a2200097Ia 4500
008 190216s9999||||xx |||||||||||||| ||und||
100 _aAustin C R
245 0 _aBeejasangalanam
260 _bKerala Bhasha Institute
942 _cBK
999 _c37624
_d37624